Temas de direito pb︢lico

Detalles Bibliográficos
Autor principal: Da Silva, Antonio Agostinho
Formato: eBook
Lenguaje:portugués
Publicado: San Pablo: Editora NELPA, 2013
Materias:
Acceso en línea:Acceso restringido

MARC

LEADER 00000nam a22000007a 4500
005 20150408233028.0
007 cr|||| ||||
008 150408s2013 br |||||s|||| 00||0 por d
020 |a 978-85-8020-353-0 
035 |a 12664 
040 |a vLex 
090 |c 5402  |d 5402 
100 1 |a Da Silva, Antonio Agostinho 
245 1 0 |a Temas de direito pb︢lico  |h [Recurso electrn̤ico] /  |c Antonio Agostinho Da Silva 
256 |a Servicio en ln̕ea 
260 |a San Pablo:  |b Editora NELPA,  |c 2013 
300 |a 1 recurso electrn̤ico 
506 1 |a Disponible solo en los productos indicados  |d vLex Global  |d vLex Global (Academic Edition, excluding Law Schools)  |d vLex Global (U.S. Academic Edition, Law Schools)  |d vLex Global (U.S. Academic Edition, excluding Law Schools)  |d vLex Global (Academic Edition, Law Schools) 
650 0 4 |a Derecho Pb︢lico y Administrativo  |z Brasil 
740 0 |a vLex Libros (Servicio en ln̕ea) 
856 4 0 |u http://vlex.com/source/temas-de-direito-publico-12664  |z Acceso restringido 
942 |c BOOK 
999 0 |a Public and Administrative Law